[Event "ROM-ch U10 Girls"]
[Site "Calimanesti Caciulata"]
[Date "2019.04.18"]
[Round "5.17"]
[White "Palos, Anca Ioana"]
[Black "Ionescu, Bianca Andreea"]
[Result "1-0"]
[WhiteElo "1001"]
[BlackElo "1001"]
[PlyCount "111"]
[EventDate "2019.04.15"]
[EventType "swiss"]
[EventRounds "9"]
[EventCountry "ROU"]
[SourceTitle "EXT 2024"]
[Source "ChessBase"]
[SourceDate "2023.10.10"]
[SourceVersion "1"]
[SourceVersionDate "2023.10.10"]
[SourceQuality "1"]

1. d4 g6 2. Nf3 Bg7 3. Bf4 Nf6 4. e3 d6 5. c4 Nbd7 6. Bg3 b6 7. Nc3 Bb7 8. d5 0-0 9. Bh4 c6 10. dxc6 Bxc6 11. Bd3 d5 12. 0-0 b5 13. cxb5 Nc5 14. bxc6 Nxd3 15. Qxd3 Rc8 16. Qa6 Qd6 17. Bg3 Qxc6 18. Qd3 Qc4 19. Ne5 Qxd3 20. Nxd3 Ne4 21. Nxe4 dxe4 22. Nf4 Bxb2 23. Rab1 Rb8 24. Nxg6 fxg6 25. Bxb8 Rxb8 26. Rfd1 Kf7 27. h3 h6 28. Rd2 Be5 29. Rxb8 Bxb8 30. Rd8 Bd6 31. Rh8 Kg7 32. Ra8 Bc5 33. g4 h5 34. gxh5 gxh5 35. Kg2 Kf6 36. Rf8+ Kg7 37. Rf5 Bd6 38. Rxh5 a5 39. a4 Bc7 40. Rg5+ Kh6 41. Rc5 Bb6 42. Rc6+ Kg5 43. Rxb6 Kh4 44. Ra6 e5 45. Rxa5 Kg5 46. Rxe5+ Kh4 47. Re8 Kg5 48. a5 Kf6 49. a6 Kf7 50. Rb8 Ke6 51. a7 Kd5 52. a8Q+ Ke5 53. Qa5+ Kd6 54. Rb6+ Kc7 55. Qa7+ Kc8 56. Rb8# 1-0